LEADER 01065nam a2200277 a 4500 001 000000135970 003 CaOOAMICUS 005 20131023152200.0 008 131023s1993 it u000 u ita r 040 $aPUL$bita 041 1 $aita$hfre 100 1 $aDickens, Charles,$d1812-1870.$0(OLS)http://pul/name/56535 240 10$aVol de nuit.$lItaliano.$0(OLS)http://pul/title/171917 245 13$aIl grillo nel focolare /$cCharles Dickens. 260 $aRoma :$bl'Unità$g1993 300 $a109 p. ;$c19 cm 490 1 $aLibri dell'Unità. Mongolfiere ;$v10 500 $aSuppl. al n. 276 del quotidiano L'Unità del 20-11-93. 830 0$aLibri dell'Unità.$pMongolfiere ;$v10.$0(OLS)http://pul/title/171919 850 $aPUL 852 $aPUL$W1$xDP1 Fondo E. Rossi$y115$m2 B 30$j115492$qFondi$B156139$CPULBib$Z2$F156139 $82 941 1 $a1 961 $aSul dorso collocazione ms. di E. Rossi: II 31 1 996 $6245$aIl grillo nel focolare$9(OLS)http://pul/title/171918 996 $6260$aRoma :$bl'Unità$9(OLS)http://pul/publisher/74001 LEADER 01662nam a2200385 a 4500 001 000000139454 003 CaOOAMICUS 005 20140724142000.0 008 140724s2014 it u000 u ita r 020 $a978-88-211-8465-9 040 $aPUL$bita 041 1 $aita$hheb 082 04$a222 100 0 $aRashi,$d1040-1105.$0(OLS)http://pul/name/2325 245 10$aCommento al Levitico /$cRashi di Troyes ; a cura di Luigi Cattani. 260 $aGenova ;$aMilano :$bMarietti,$c2014. 300 $aLIII, 340 p. ;$c21 cm 490 1 $a"Ascolta, Israele!" : commenti alle Scritture delle tradizioni ebraica e cristiana ;$v11 504 $aBibliografia in nota. 630 04$aBiblia.$pV.T.$pLeviticus.$0(OLS)http://pul/subject/17513 650 4$aEsegesi biblica.$0(OLS)http://pul/subject/8707 700 1 $aCattani, Luigi.$0(OLS)http://pul/name/12741 830 1$a"Ascolta, Israele!" : commenti alle Scritture delle tradizioni ebraica e cristiana ;$v11.$0(OLS)http://pul/title/13661 850 $aPUL 852 $aPUL$W1$xSL Religione 3$y85$m222 TRORA 1$j161090$qDDC 21$B160535$CPULBib$Z2$F160535 $H124494 $82 900 $aSalomon Izhaqi,$d1040-1105$92325 900 $aSolomon Jarchi,$d1040-1105$92325 900 $aRabbi Shlomo Yitzhaqi,$d1040-1105$92325 900 $aRashi di Troyes,$d1040-1105$92325 941 1 $a9 996 $6020$a978-88-211-8465-9 $9(OLS)http://pul/number/155858 996 $6082$a222$9(OLS)http://pul/classification/563 996 $6245$aCommento al Levitico$9(OLS)http://pul/title/176544 996 $6260$aGenova ;$aMilano :$bMarietti$9(OLS)http://pul/publisher/74601